Retail merchandising : principles and applications

Αποθηκεύτηκε σε:
Λεπτομέρειες βιβλιογραφικής εγγραφής
Κύριος συγγραφέας: Shipp, Ralph D.
Μορφή: Βιβλίο
Γλώσσα:English
Δημοσίευση: Boston : Houghton Mifflin, c1976
Θέματα:
Ετικέτες: Προσθήκη ετικέτας
Δεν υπάρχουν, Καταχωρήστε ετικέτα πρώτοι!

MARC

LEADER 00000cam a2200000 i 4500
001 1/3475
008 000521s1976 eng d
020 |a 039520271X 
035 |l 10060810 
040 |a GR-MY-UA  |b gre  |e aacr 
041 0 |a eng 
082 0 |a 658.87 
100 1 |a Shipp, Ralph D. 
245 1 0 |a Retail merchandising :  |b principles and applications /  |c Ralph D. Shipp 
260 |a Boston :   |b Houghton Mifflin,   |c c1976 
300 |a xi, 315 p.;  |b fig.;  |c 24 cm. 
500 |a Includes index 
504 |a Bibliography: p. 309 
650 0 0 |a Retail trade. 
650 0 0 |a Merchandising. 
852 |a INST  |b LESVOS  |e 20000521  |h 658.87 SHI  |p 005100020726  |q 005100020726  |t BK  |y 0 
901 |a BIBL1-2000-2 
909 |a Λ  |b 077043 
970 |z 2000/05/ΜΙΧΑΗΛΙΔΟΥ ΑΝΝΑ